Most Popular Ice Cream Flavors Quiz Stats

 Plays Quiz not verified by Sporcle

Support Sporcle.
Go Orange.
Score 0/15 Timer 05:00
0 Plays Today
Rank Flavor % Correct
2Chocolate
98.4%
1Vanilla
97.5%
7French Vanilla
97.5%
4Strawberry
93.9%
6Chocolate Chip
63.1%
14Rocky Road
57.4%
8Cookies and Cream
55.7%
3Butter Pecan
45.1%
Rank Flavor % Correct
13Coffee
41.4%
11Cherry
41%
5Neopolitan
31.6%
10Praline Pecan
16%
12Chocolate Almond
12.7%
15Chocolate Marshmallow
12.3%
9Vanilla Fudge Ripple
8.2%

You're not logged in!

Compare scores with friends on all Sporcle quizzes.
OR
Log In

From the Vault

Provinces of South Africa

by citkeane

There are 9 South African provinces. How many do you know?
Remove Ads.
Support Sporcle.
Get the best of Sporcle when you Go Orange. This ad-free experience offers more features, more stats, and more fun while also helping to support Sporcle. Thank you for becoming a member.

Show Comments

Extras

Top Quizzes Today


Score Distribution

Your Account Isn't Verified!

In order to create a playlist on Sporcle, you need to verify the email address you used during registration. Go to your Sporcle Settings to finish the process.

Report this User

Report this user for behavior that violates our Community Guidelines.

Details: